[Event "36th Reykjavik op"]
[Site "Reykjavik ISL"]
[Date "2023.04.01"]
[Round "5.15"]
[White "Richter, Michael"]
[Black "Papadiamandis, Elliot"]
[WhiteElo "2466"]
[BlackElo "2323"]
[Result "1-0"]
[EventDate "2023.03.29"]
[PlyCount "175"]

1. d4 Nf6 2. Bg5 c5 3. d5 Qb6 4. Nc3 h6 5. Bd2 e6 6. e4 d6 7. Nf3 exd5 8. exd5 Be7
9. Bc4 Bf5 10. O-O O-O 11. Re1 Re8 12. a4 a6 13. h3 Nbd7 14. g4 Bh7 15. a5 Qc7 16.
Be3 Bf8 17. Bd3 Bxd3 18. Qxd3 Rad8 19. Red1 Ne5 20. Nxe5 dxe5 21. Qc4 e4 22. b4 Rc8
23. b5 axb5 24. Nxb5 Qe5 25. d6 Rc6 26. Rab1 Rd8 27. Rd2 Rd7 28. Kg2 g6 29. Rbd1
Bg7 30. Qa4 Bf8 31. Qa1 Qxa1 32. Rxa1 c4 33. c3 Ne8 34. Rad1 f6 35. Rd4 Kf7 36. Rxe4
Nxd6 37. Red4 Ke6 38. Bf4 f5 39. gxf5+ gxf5 40. Kf3 Ra6 41. h4 Rc6 42. h5 Ra6 43.
Bxd6 Bxd6 44. Re1+ Kf7 45. Rg1 Rd8 46. Rg6 Ke7 47. Rxh6 Be5 48. Rh7+ Ke8 49. Rxd8+
Kxd8 50. Rxb7 Rxa5 51. h6 Ra6 52. h7 Rh6 53. Rf7 Ke8 54. Rxf5 Bg7 55. Rc5 Rxh7 56.
Rxc4 Rh5 57. Nd4 Rh4 58. Rc8+ Kd7 59. Rc4 Be5 60. Ke3 Bf4+ 61. Kd3 Rh3+ 62. f3 Bg5
63. Ra4 Bf6 64. Ra7+ Kd6 65. Ra6+ Ke7 66. Ke4 Rh1 67. Ra7+ Kd6 68. Ra6+ Ke7 69. f4
Rc1 70. Kf5 Bh4 71. Rh6 Be1 72. Rh1 Bd2 73. Rxc1 Bxc1 74. Ke5 Bb2 75. c4 Ba3 76.
Kd5 Bc1 77. f5 Bf4 78. c5 Kf6 79. c6 Bb8 80. Ke4 Ke7 81. Nb5 Bh2 82. c7 Kd7 83. f6
Bg1 84. Kf5 Bc5 85. Kg6 Bf8 86. Kf7 Bc5 87. Kg8 Kc8 88. f7  1-0

[Event "36th Reykjavik op"]
[Site "Reykjavik ISL"]
[Date "2023.04.01"]
[Round "5.16"]
[White "Panchanathan, Magesh Chandran"]
[Black "Olson, Hamish"]
[WhiteElo "2460"]
[BlackElo "2309"]
[Result "1-0"]
[EventDate "2023.03.29"]
[PlyCount "95"]

1. Nf3 d5 2. g3 Nf6 3. Bg2 c6 4. O-O Bg4 5. d3 Nbd7 6. Nbd2 e5 7. h3 Bf5 8. e4 dxe4
9. Nh4 Be6 10. dxe4 a5 11. a4 Bb4 12. Qe2 O-O 13. Rd1 Qc7 14. Ndf3 b5 15. Nf5 Rfe8
16. N3h4 Bf8 17. Bg5 Rab8 18. b3 c5 19. axb5 c4 20. Bf1 cxb3 21. cxb3 Bxb3 22. Rdc1
Qd8 23. Qf3 a4 24. Rc6 Re6 25. Rac1 Qa5 26. g4 Qb4 27. Ng3 a3 28. Rb1 a2 29. Rxb3
a1=Q 30. Rxb4 Rxc6 31. bxc6 Bxb4 32. cxd7 Nxd7 33. Kg2 Qc3 34. Be3 Nc5 35. Nhf5 Ne6
36. Nh5 Bf8 37. Nh6+ gxh6 38. Nf6+ Kh8 39. Qf5 Kg7 40. Nh5+ Kh8 41. Nf6 Kg7 42. Bxh6+
Kxh6 43. Qxh7+ Kg5 44. Qf5+ Kh6 45. g5+ Nxg5 46. Ng8+ Kg7 47. Qxg5+ Kh8 48. Nf6  1-0

[Event "36th Reykjavik op"]
[Site "Reykjavik ISL"]
[Date "2023.04.01"]
[Round "5.17"]
[White "Sidhant, Mohapatra"]
[Black "Willow, Jonah"]
[WhiteElo "2376"]
[BlackElo "2459"]
[Result "1-0"]
[EventDate "2023.03.29"]
[PlyCount "37"]

1. e4 c5 2. Nf3 e6 3. d4 cxd4 4. Nxd4 Nf6 5. Nc3 Nc6 6. Ndb5 Bc5 7. Bf4 O-O 8. Bc7
Qe7 9. Bd6 Bxd6 10. Qxd6 Qd8 11. Qg3 a6 12. Nd6 b5 13. e5 Nh5 14. Qe3 b4 15. Na4
b3 16. axb3 Rb8 17. Be2 Nb4 18. O-O-O Qc7 19. Nc3  1-0

[Event "36th Reykjavik op"]
[Site "Reykjavik ISL"]
[Date "2023.04.01"]
[Round "5.18"]
[White "Panesar, Vedant"]
[Black "Mardov, Dimitar"]
[WhiteElo "2348"]
[BlackElo "2445"]
[Result "0-1"]
[EventDate "2023.03.29"]
[PlyCount "80"]

1. e4 e5 2. Nf3 Nc6 3. Nc3 Nf6 4. d4 Bb4 5. Nxe5 Qe7 6. Qd3 Nxe5 7. dxe5 Qxe5 8.
Bd2 O-O 9. O-O-O d6 10. f3 Bd7 11. g4 Bc6 12. a3 Ba5 13. Bg2 Rfe8 14. Rde1 b5 15.
f4 Qe6 16. g5 Bxc3 17. Qxc3 Qa2 18. Be3 Nxe4 19. Bxe4 Bxe4 20. Rhf1 c5 21. Qb3 Qxb3
22. cxb3 Rac8 23. Kd2 a5 24. f5 Re5 25. f6 Rd5+ 26. Kc1 c4 27. b4 axb4 28. axb4 Ra8
29. Ba7 Bd3 30. Rg1 Kf8 31. Re7 gxf6 32. gxf6 Rf5 33. Kd2 Rxf6 34. Rb7 Bg6 35. Bd4
Rf4 36. Be3 Rh4 37. Rxb5 c3+ 38. Kxc3 Rc8+ 39. Kb3 Bc2+ 40. Ka3 Ra8+  0-1

[Event "36th Reykjavik op"]
[Site "Reykjavik ISL"]
[Date "2023.04.01"]
[Round "5.19"]
[White "Dhulipalla, Bala Chandra Prasad"]
[Black "Grigoriev, Dmitriy"]
[WhiteElo "2441"]
[BlackElo "1969"]
[Result "1-0"]
[EventDate "2023.03.29"]
[PlyCount "87"]

1. d4 Nf6 2. Nf3 e6 3. Bf4 b6 4. e3 Bb7 5. Bd3 c5 6. O-O Be7 7. h3 O-O 8. Nbd2 Nc6
9. c3 Rc8 10. Qe2 Ne8 11. Rad1 f6 12. Rfe1 Bd6 13. dxc5 bxc5 14. Bxh7+ Kxh7 15. Qd3+
Kg8 16. Bxd6 Nxd6 17. Qxd6 Ne5 18. Nxe5 fxe5 19. e4 Qc7 20. Nc4 Bc6 21. Qxc7 Rxc7
22. Nxe5 Rd8 23. Rd6 Kf8 24. f3 Ke7 25. Red1 Rb8 26. R1d2 a5 27. Kf2 a4 28. Ke3 Rcb7
29. Rxc6 dxc6 30. Nxc6+ Kf6 31. Nxb8 Rxb8 32. h4 Rb7 33. Kf4 a3 34. bxa3 Ra7 35.
h5 Rxa3 36. e5+ Ke7 37. Rc2 Ra4+ 38. Kg5 Kf7 39. Rb2 Rc4 40. Rb7+ Kf8 41. Kg6 Rxc3
42. Rf7+ Ke8 43. Rxg7 Rc2 44. Kf6  1-0

[Event "36th Reykjavik op"]
[Site "Reykjavik ISL"]
[Date "2023.04.01"]
[Round "5.20"]
[White "Markzon, Gregory"]
[Black "Wadsworth, Matthew"]
[WhiteElo "2059"]
[BlackElo "2439"]
[Result "0-1"]
[EventDate "2023.03.29"]
[PlyCount "66"]

1. d4 d5 2. c4 c6 3. Nf3 Nf6 4. Nc3 dxc4 5. a4 Bf5 6. e3 e6 7. Bxc4 Bb4 8. O-O O-O
9. Nh4 Nbd7 10. Nxf5 exf5 11. Bd2 a5 12. h3 Nb6 13. Bd3 g6 14. Na2 Bd6 15. b4 Bc7
16. bxa5 Qd6 17. g3 Nbd5 18. a6 bxa6 19. Qc2 Rfe8 20. Rfc1 Re6 21. Rab1 a5 22. Bf1
h5 23. Qc5 Qd8 24. Nc3 Nxc3 25. Qxc3 Ne4 26. Qc2 h4 27. gxh4 Qxh4 28. Be1 Ng5 29.
Bg2 f4 30. Qd1 Nxh3+ 31. Kf1 fxe3 32. Rb2 exf2 33. Bc3 Rae8  0-1

[Event "36th Reykjavik op"]
[Site "Reykjavik ISL"]
[Date "2023.04.01"]
[Round "5.21"]
[White "Adams, Henry"]
[Black "Laddha, Shubh Jayesh"]
[WhiteElo "1859"]
[BlackElo "2422"]
[Result "1/2-1/2"]
[EventDate "2023.03.29"]
[PlyCount "52"]

1. e4 e5 2. Nf3 Nc6 3. Bc4 Nf6 4. d3 Bc5 5. c3 d6 6. O-O a5 7. Re1 O-O 8. h3 Be6
9. Nbd2 Bxc4 10. Nxc4 h6 11. a4 Re8 12. Be3 Bxe3 13. Nxe3 Qd7 14. Qc2 Rad8 15. Rad1
d5 16. exd5 Nxd5 17. Nxd5 Qxd5 18. d4 e4 19. Ne5 f5 20. Nxc6 Qxc6 21. Qb3+ Kh7 22.
d5 Qd6 23. Qxb7 Rb8 24. Qc6 Qxc6 25. dxc6 Rxb2 26. Rd5 Rc2  1/2-1/2

[Event "36th Reykjavik op"]
[Site "Reykjavik ISL"]
[Date "2023.04.01"]
[Round "5.22"]
[White "Dziuba, Marcin"]
[Black "Goh, Jinghan Cameron"]
[WhiteElo "2554"]
[BlackElo "1899"]
[Result "1-0"]
[EventDate "2023.03.29"]
[PlyCount "55"]

1. d4 Nf6 2. c4 e6 3. Nf3 c5 4. d5 b5 5. dxe6 fxe6 6. cxb5 d5 7. e3 Nbd7 8. Be2 Bd6
9. Nbd2 Bb7 10. b3 O-O 11. Bb2 Qe7 12. Qc2 e5 13. e4 Nxe4 14. Nxe4 dxe4 15. Nd2 e3
16. fxe3 Bxg2 17. Qc4+ Kh8 18. Rg1 Bh3 19. O-O-O Nb6 20. Qc2 Nd5 21. Qe4 Nb4 22.
Bg4 Bxg4 23. Rxg4 Nxa2+ 24. Kb1 Nb4 25. Nf3 Rad8 26. Rdg1 Qf7 27. Nxe5 Qxb3 28. Qxh7+
 1-0

[Event "36th Reykjavik op"]
[Site "Reykjavik ISL"]
[Date "2023.04.01"]
[Round "5.23"]
[White "Maze, Sebastien"]
[Black "Lindh, Fredrik"]
[WhiteElo "2542"]
[BlackElo "2259"]
[Result "1-0"]
[EventDate "2023.03.29"]
[PlyCount "95"]

1. e4 c5 2. Nf3 Nc6 3. Nc3 e6 4. d4 cxd4 5. Nxd4 Qc7 6. Ncb5 Qb8 7. Bd3 a6 8. Nxc6
bxc6 9. Nc3 Nf6 10. O-O d5 11. Qe2 Be7 12. b3 Qe5 13. Bd2 Bb4 14. Qe1 Ng4 15. f4
Qd4+ 16. Kh1 Bc5 17. h3 Nf2+ 18. Kh2 O-O 19. Na4 Ba7 20. Bc3 Qe3 21. Qxe3 Bxe3 22.
Kg3 Nxd3 23. cxd3 Rb8 24. Rae1 Ba7 25. Be5 Rb5 26. Rc1 Be3 27. Rc2 Rd8 28. Bc7 Rd7
29. Rxc6 Bb7 30. Rd6 Rxd6 31. Bxd6 dxe4 32. dxe4 g5 33. Re1 gxf4+ 34. Bxf4 Bd4 35.
h4 Kg7 36. Bd6 Bc6 37. Kf4 Rh5 38. g3 Rb5 39. Rc1 e5+ 40. Kf3 Bb7 41. g4 h5 42. g5
f5 43. gxf6+ Kxf6 44. Bc5 Bxc5 45. Nxc5 Bc8 46. Nxa6 Bg4+ 47. Ke3 Rb6 48. Nc7  1-0

[Event "36th Reykjavik op"]
[Site "Reykjavik ISL"]
[Date "2023.04.01"]
[Round "5.24"]
[White "Dieu, Bruno"]
[Black "Dvirnyy, Danyyil"]
[WhiteElo "2219"]
[BlackElo "2531"]
[Result "0-1"]
[EventDate "2023.03.29"]
[PlyCount "70"]

1. d4 Nf6 2. Nf3 g6 3. c4 Bg7 4. Nc3 d5 5. cxd5 Nxd5 6. Bd2 Nb6 7. e4 Bg4 8. Be3
Nc6 9. d5 Ne5 10. Be2 Nxf3+ 11. gxf3 Bh3 12. Bd4 e5 13. Bc5 Bf8 14. Be3 Be7 15. Qb3
O-O 16. Rg1 c6 17. O-O-O cxd5 18. Bxb6 axb6 19. Nxd5 Bc5 20. Rg3 Be6 21. Kb1 Bxf2
22. Rg2 Qh4 23. Bc4 Bh3 24. Rxf2 Qxf2 25. Nxb6 Rad8 26. Nd5 Bg2 27. Rd3 Bf1 28. Rc3
Bxc4 29. Rxc4 Qxh2 30. a4 h5 31. Rc2 Qg3 32. Qe3 Kg7 33. Rc1 Rc8 34. Rg1 Qh2 35.
Nc3 Rfd8  0-1

[Event "36th Reykjavik op"]
[Site "Reykjavik ISL"]
[Date "2023.04.01"]
[Round "5.25"]
[White "Cieslak, Patryk"]
[Black "Hjartarson, Johann"]
[WhiteElo "2207"]
[BlackElo "2478"]
[Result "1/2-1/2"]
[EventDate "2023.03.29"]
[PlyCount "155"]

1. e4 e5 2. Nf3 Nc6 3. Bb5 a6 4. Ba4 Nf6 5. O-O Be7 6. Re1 b5 7. Bb3 d6 8. c3 O-O
9. h3 Na5 10. Bc2 c5 11. d4 Qc7 12. d5 Nc4 13. b3 Nb6 14. a4 Bd7 15. a5 Nc8 16. Nbd2
g6 17. Nf1 Nh5 18. Bh6 Re8 19. Qd2 Qd8 20. g4 Ng7 21. Ng3 Bf8 22. Kh2 f6 23. Rg1
Ne7 24. Nf5 Bc8 25. N3h4 Ra7 26. g5 Nexf5 27. exf5 fxg5 28. Bxg5 Qd7 29. Rg2 e4 30.
fxg6 h6 31. Bf6 Qxh3+ 32. Kg1 Nh5 33. g7 Bxg7 34. Bxg7 Rxg7 35. Qxh6 Qxc3 36. Rc1
Rxg2+ 37. Nxg2 Qe5 38. Bxe4 Qxe4 39. Re1 Qxe1+ 40. Nxe1 Rxe1+ 41. Kh2 Ng7 42. Qxd6
c4 43. bxc4 bxc4 44. Qc6 Re8 45. Qxc4 Rf8 46. Kg1 Kh7 47. Qc7 Kg6 48. d6 Ne6 49.
Qc2+ Kf7 50. f4 Kf6 51. f5 Nf4 52. Qc4 Kg5 53. Qc7 Bxf5 54. Qe7+ Rf6 55. d7 Ne6 56.
d8=Q Nxd8 57. Qxd8 Be6 58. Kh2 Kg6 59. Kg3 Kg7 60. Qe7+ Kg6 61. Qd8 Bc4 62. Qd4 Bb5
63. Kh4 Rf1 64. Kg4 Be2+ 65. Kg3 Bb5 66. Qd5 Kf6 67. Qc5 Ke6 68. Kg2 Rf5 69. Qc8+
Ke5 70. Qd8 Ke4 71. Qe7+ Kd4 72. Qd6+ Rd5 73. Qb6+ Kc4 74. Kf3 Kb4 75. Ke4 Rd7 76.
Ke3 Ka4 77. Kf3 Kb4 78. Ke4  1/2-1/2

[Event "36th Reykjavik op"]
[Site "Reykjavik ISL"]
[Date "2023.04.01"]
[Round "5.26"]
[White "Stefansson, Vignir Vatnar"]
[Black "Melaa, Sondre"]
[WhiteElo "2461"]
[BlackElo "2243"]
[Result "1/2-1/2"]
[EventDate "2023.03.29"]
[PlyCount "109"]

1. c4 g6 2. Nc3 c5 3. Nf3 Bg7 4. e3 Nf6 5. d4 O-O 6. d5 d6 7. h3 e6 8. Bd3 exd5 9.
cxd5 Re8 10. O-O Na6 11. Nd2 Nb4 12. Bc4 Bd7 13. a3 Na6 14. e4 Nc7 15. a4 a6 16.
a5 Nb5 17. Bd3 Nh5 18. Ne2 b6 19. axb6 Qxb6 20. Nc4 Qc7 21. Be3 a5 22. Ra2 Nf6 23.
Qc2 a4 24. Bf4 Reb8 25. Qd2 Ne8 26. Be3 Ra7 27. Rc1 Qb7 28. Bc2 Rba8 29. Rd1 a3 30.
b4 cxb4 31. Qxb4 Nc3 32. Qxb7 Nxe2+ 33. Kf1 Rxb7 34. Kxe2 Bb5 35. Bd3 Ra4 36. Nxa3
Bxd3+ 37. Rxd3 Rxe4 38. Rc2 Rb2 39. Kf3 Rxc2 40. Nxc2 Rc4 41. Na3 Rc3 42. Rxc3 Bxc3
43. Nb5 Bb2 44. Bf4 Nf6 45. Nc7 Ba3 46. g4 Kf8 47. g5 Ne8 48. Nb5 Bc5 49. Nc3 Ke7
50. Ne4 Bd4 51. h4 Kd7 52. Be3 Be5 53. Bf4 Bd4 54. Bd2 f5 55. gxf6  1/2-1/2

[Event "36th Reykjavik op"]
[Site "Reykjavik ISL"]
[Date "2023.04.01"]
[Round "5.27"]
[White "Yankelevich, Lev"]
[Black "Sharma, Isha"]
[WhiteElo "2459"]
[BlackElo "2197"]
[Result "1-0"]
[EventDate "2023.03.29"]
[PlyCount "111"]

1. d4 Nf6 2. c4 e6 3. Nf3 Bb4+ 4. Bd2 Qe7 5. g3 Nc6 6. e3 Bxd2+ 7. Nfxd2 e5 8. d5
Nb8 9. Nc3 O-O 10. Bg2 d6 11. O-O Re8 12. b4 Nbd7 13. e4 Nf8 14. Re1 h5 15. Nf1 Bg4
16. Qd3 Qd7 17. c5 Ng6 18. Ne3 Bh3 19. c6 bxc6 20. dxc6 Qc8 21. Bh1 Ne7 22. b5 h4
23. a4 Ng6 24. Rab1 Nf8 25. Ncd5 Nxd5 26. exd5 f5 27. Nc4 e4 28. Qc3 Nh7 29. a5 Nf6
30. b6 axb6 31. axb6 Nxd5 32. Qb3 Qe6 33. b7 Rab8 34. Ne3 Nb6 35. Qxe6+ Rxe6 36.
Rxb6 cxb6 37. c7 Ree8 38. cxb8=R Rxb8 39. f3 Rxb7 40. fxe4 Re7 41. Nd5 Re5 42. Nf4
Bg4 43. Ng6 Re8 44. Nxh4 g5 45. Nf3 fxe4 46. Nxg5 d5 47. Bg2 b5 48. Bh3 Bxh3 49.
Nxh3 d4 50. Nf4 Re5 51. Kf2 b4 52. Rd1 d3 53. Ke3 b3 54. Rb1 Rc5 55. Rxb3 Rc2 56.
Kxe4  1-0

[Event "36th Reykjavik op"]
[Site "Reykjavik ISL"]
[Date "2023.04.01"]
[Round "5.28"]
[White "Knaak, Rainer"]
[Black "Leonard, Timo"]
[WhiteElo "2455"]
[BlackElo "2196"]
[Result "0-1"]
[EventDate "2023.03.29"]
[PlyCount "107"]

1. d4 d5 2. c4 c6 3. Nf3 Nf6 4. Nc3 dxc4 5. a4 Bf5 6. Ne5 Nbd7 7. Nxc4 Qc7 8. g3
e5 9. dxe5 Nxe5 10. Bf4 Nfd7 11. Bg2 g5 12. Ne3 gxf4 13. Nxf5 O-O-O 14. Qc2 fxg3
15. hxg3 Kb8 16. Rd1 a5 17. O-O h5 18. Rd2 h4 19. Rfd1 hxg3 20. Nxg3 Bc5 21. Nce4
Bb6 22. e3 Rdg8 23. Qc3 f5 24. Nd6 f4 25. exf4 Ng4 26. Nge4 Rh2 27. Qg3 Rhh8 28.
Ng5 Ndf6 29. Bh3 Nxf2 30. Rxf2 Nh5 31. Qg4 Nxf4 32. Qxf4 Rxh3 33. Kg2 Rh5 34. Nde4
Bxf2 35. Qxc7+ Kxc7 36. Kxf2 Rhxg5 37. Nxg5 Rxg5 38. Ke3 Re5+ 39. Kf3 Re7 40. Rd2
Kb6 41. Rc2 Re5 42. Rc3 Rh5 43. Rb3+ Kc7 44. Ke2 Rh4 45. Kd2 Rxa4 46. Rh3 b5 47.
Kc3 Kb6 48. Rh8 Rg4 49. Rh5 Rc4+ 50. Kb3 a4+ 51. Ka2 Rg4 52. Rh8 c5 53. Ra8 Rg3 54.
Kb1  0-1

[Event "36th Reykjavik op"]
[Site "Reykjavik ISL"]
[Date "2023.04.01"]
[Round "5.29"]
[White "Ornolfsson, Magnus P."]
[Black "Loiseau, Quentin"]
[WhiteElo "2153"]
[BlackElo "2449"]
[Result "0-1"]
[EventDate "2023.03.29"]
[PlyCount "52"]

1. e4 e5 2. Nf3 Nc6 3. Nc3 Nf6 4. a3 Bd6 5. Bc4 O-O 6. d3 a6 7. Bg5 h6 8. h4 b5 9.
Ba2 b4 10. Bxf6 Qxf6 11. Nd5 Qd8 12. g4 bxa3 13. bxa3 Ne7 14. Qd2 Nxd5 15. Bxd5 c6
16. Bb3 Bc7 17. g5 d5 18. gxh6 Ba5 19. c3 Qf6 20. hxg7 Rd8 21. Ng5 Rb8 22. Rb1 Bg4
23. Nxf7 Kxf7 24. exd5 Qf3 25. g8=Q+ Rxg8 26. Rg1 Bxc3  0-1

[Event "36th Reykjavik op"]
[Site "Reykjavik ISL"]
[Date "2023.04.01"]
[Round "5.30"]
[White "Briem, Stephan"]
[Black "Ramoutar, Alan-Safar"]
[WhiteElo "2142"]
[BlackElo "2425"]
[Result "0-1"]
[EventDate "2023.03.29"]
[PlyCount "77"]

1. d4 d5 2. c4 e6 3. Nf3 Nf6 4. e3 b6 5. Bd3 Bd6 6. b3 O-O 7. Bb2 Bb7 8. cxd5 exd5
9. O-O c5 10. Nc3 a6 11. Rc1 Nbd7 12. Na4 c4 13. Bb1 b5 14. Nc3 b4 15. Nxd5 Bxd5
16. bxc4 Be4 17. Nd2 Bxb1 18. Rxb1 Re8 19. Qf3 Qe7 20. Rfe1 Ne4 21. Nxe4 Qxe4 22.
Qxe4 Rxe4 23. f3 Ree8 24. e4 f6 25. g3 g5 26. c5 Bc7 27. Kg2 Kf7 28. Bc1 a5 29. f4
gxf4 30. Bxf4 Rac8 31. Kf3 Nb8 32. Rbc1 Nc6 33. Red1 Red8 34. d5 Ne5+ 35. Ke2 Bb8
36. d6 Ke6 37. Bxe5 fxe5 38. Rf1 Ba7 39. Rf5  0-1

[Event "36th Reykjavik op"]
[Site "Reykjavik ISL"]
[Date "2023.04.01"]
[Round "5.31"]
[White "Kjartansson, Gudmundur"]
[Black "Kracht, Raphael"]
[WhiteElo "2402"]
[BlackElo "2145"]
[Result "1-0"]
[EventDate "2023.03.29"]
[PlyCount "149"]

1. c4 Nf6 2. Nc3 e6 3. e4 d5 4. cxd5 exd5 5. e5 Ne4 6. Nf3 Bc5 7. d4 Bb4 8. Qc2 c5
9. Bd3 Nc6 10. O-O Bg4 11. Nxe4 dxe4 12. Bxe4 Bxf3 13. gxf3 Nxd4 14. Qa4+ Qd7 15.
Qxd7+ Kxd7 16. Bxb7 Rab8 17. Bd5 Rhe8 18. f4 f6 19. a3 Ba5 20. b4 Bb6 21. exf6 gxf6
22. Rd1 Ne2+ 23. Kf1 Nc3 24. Rd3 Nxd5 25. Rxd5+ Kc6 26. Rf5 cxb4 27. axb4 Bd4 28.
Ra6+ Kb7 29. Rd6 Rbd8 30. Rfd5 Kc7 31. Rxd8 Rxd8 32. Rxd8 Kxd8 33. Be3 Bb6 34. Bxb6+
axb6 35. Ke2 Kd7 36. Kf3 Kc6 37. Kg4 Kb5 38. Kf5 Kxb4 39. Kxf6 Kc3 40. f5 b5 41.
Ke5 b4 42. f6 b3 43. f7 b2 44. f8=Q b1=Q 45. Qc5+ Kd2 46. f4 Qe1+ 47. Kd6 Qh4 48.
Qe5 Kd3 49. Kd5 Qd8+ 50. Ke6 Qe8+ 51. Kf6 Qf8+ 52. Kg5 Qg8+ 53. Kh4 Qc4 54. Kg4 Qg8+
55. Qg5 Qc4 56. Qd8+ Kc2 57. Qe8 Qd4 58. Qe2+ Kb3 59. Qb5+ Kc2 60. Qf5+ Kd2 61. h3
Qg1+ 62. Kh5 Qg3 63. Qg4 Qd3 64. f5 Qd5 65. Qg5+ Kd3 66. f6 Qe6 67. h4 Qd7 68. Kh6
Ke4 69. h5 Kf3 70. Qg7 Qe6 71. Kxh7 Qf5+ 72. Qg6 Qd7+ 73. f7 Kf4 74. Kg8 Qd5 75.
h6  1-0

[Event "36th Reykjavik op"]
[Site "Reykjavik ISL"]
[Date "2023.04.01"]
[Round "5.32"]
[White "Briem, Benedikt"]
[Black "Throstur, Thorhallsson"]
[WhiteElo "2127"]
[BlackElo "2392"]
[Result "0-1"]
[EventDate "2023.03.29"]
[PlyCount "112"]

1. d4 d5 2. c4 dxc4 3. e3 Nf6 4. Bxc4 e6 5. Nf3 a6 6. O-O c5 7. dxc5 Bxc5 8. Qxd8+
Kxd8 9. Rd1+ Ke7 10. a3 b5 11. Be2 Bb7 12. b4 Bd6 13. Bb2 Nbd7 14. Nbd2 Bd5 15. Rac1
e5 16. Ne1 Nb6 17. f3 Nfd7 18. e4 Be6 19. Nc2 Na4 20. Ba1 Ndb6 21. Ne3 g6 22. Kf2
f6 23. Bd3 Rhd8 24. Ke2 Ra7 25. Bc2 a5 26. Bd3 axb4 27. axb4 Bd7 28. Nc2 Rc7 29.
Nf1 Rdc8 30. Kd2 Ke6 31. Nfe3 Bf8 32. Rb1 Bh6 33. Ke2 Be8 34. g4 Bg5 35. Na3 Bxe3
36. Kxe3 Nc3 37. Bxc3 Rxc3 38. Nc2 Rxc2 39. Bxc2 Rxc2 40. h4 f5 41. gxf5+ gxf5 42.
exf5+ Kxf5 43. Rg1 Bg6 44. Rg5+ Kf6 45. Rxg6+ hxg6 46. Ra1 Rc6 47. Ra7 Nd5+ 48. Kf2
Rc4 49. Rd7 Nf4 50. Rb7 Rxb4 51. Rb6+ Kf5 52. h5 Rb2+ 53. Kf1 gxh5 54. Kg1 h4 55.
Kh1 h3 56. Ra6 Nh5  0-1

[Event "36th Reykjavik op"]
[Site "Reykjavik ISL"]
[Date "2023.04.01"]
[Round "5.33"]
[White "Kusa, Jakub"]
[Black "Wecker, Martin"]
[WhiteElo "2373"]
[BlackElo "2144"]
[Result "1-0"]
[EventDate "2023.03.29"]
[PlyCount "41"]

1. d4 Nf6 2. Nf3 d5 3. c4 e6 4. g3 Bb4+ 5. Bd2 Bd6 6. Bg2 c6 7. Qc2 O-O 8. O-O Nbd7
9. b3 Ne4 10. Nc3 Nxd2 11. Nxd2 f5 12. Rab1 Qe7 13. e3 b6 14. cxd5 Ba6 15. dxc6 Bxf1
16. Rxf1 Nf6 17. Nb5 Bc7 18. Nc4 a6 19. Nxc7 Qxc7 20. Ne5 Rfd8 21. Rc1  1-0

[Event "36th Reykjavik op"]
[Site "Reykjavik ISL"]
[Date "2023.04.01"]
[Round "5.34"]
[White "Skou, Niels"]
[Black "Bjorn, Thorfinnsson"]
[WhiteElo "2114"]
[BlackElo "2369"]
[Result "0-1"]
[EventDate "2023.03.29"]
[PlyCount "138"]

1. d4 d5 2. c4 e6 3. Nc3 Be7 4. cxd5 exd5 5. Bf4 Nf6 6. Qc2 O-O 7. h3 c5 8. Nf3 Nc6
9. e3 Re8 10. Be2 Nh5 11. Bh2 cxd4 12. exd4 Bd6 13. O-O Bxh2+ 14. Kxh2 Nf4 15. Rfe1
Qf6 16. Qd2 Be6 17. b4 g5 18. b5 Ne7 19. Ne5 h5 20. Bf1 g4 21. Ne2 Nxe2 22. Bxe2
gxh3 23. Rg1 Kh7 24. Bd3+ Kh8 25. gxh3 Rg8 26. Qe3 Rxg1 27. Rxg1 Rg8 28. Rxg8+ Kxg8
29. a4 Kf8 30. a5 Ke8 31. Bc2 Qh4 32. b6 axb6 33. axb6 Nc8 34. Ng6 Qxh3+ 35. Qxh3
Bxh3 36. Kxh3 fxg6 37. Bxg6+ Ke7 38. Bxh5 Nxb6 39. Kg3 Nc4 40. Kf3 Kf6 41. Be8 Nd6
42. Bd7 Nf5 43. Bc8 Nxd4+ 44. Ke3 Nf5+ 45. Kd3 Nd6 46. Bd7 Ke7 47. Bg4 Nb5 48. Bd1
Kd6 49. f4 Nc7 50. Bg4 Ne6 51. Ke3 b5 52. f5 Nd8 53. Be2 b4 54. Kd3 Nc6 55. Bd1 Ke5
56. Ba4 Na5 57. Bd7 Nb7 58. Kc2 Nc5 59. Bc8 d4 60. Kb2 Kf6 61. Kc2 Ke7 62. f6+ Kxf6
63. Bg4 Ke5 64. Bh5 d3+ 65. Kb2 Kd4 66. Bd1 Ke3 67. Kc1 Ne4 68. Bb3 Nc3 69. Kb2 d2
 0-1

[Event "36th Reykjavik op"]
[Site "Reykjavik ISL"]
[Date "2023.04.01"]
[Round "5.35"]
[White "Becker, Tobias"]
[Black "Colpe, Malte"]
[WhiteElo "2085"]
[BlackElo "2356"]
[Result "0-1"]
[EventDate "2023.03.29"]
[PlyCount "74"]

1. e4 c5 2. Nf3 d6 3. d4 cxd4 4. Nxd4 Nf6 5. Nc3 a6 6. f3 e6 7. Be3 h5 8. Qd2 Be7
9. O-O-O b5 10. a3 Bb7 11. Rg1 Nbd7 12. h3 h4 13. g4 hxg3 14. Rxg3 g6 15. Bd3 e5
16. Nde2 Qc7 17. Nd5 Nxd5 18. exd5 Nc5 19. Nc3 Rh4 20. Rg4 Rxh3 21. Qg2 Rh8 22. f4
Bc8 23. Rxg6 Nxd3+ 24. Rxd3 fxg6 25. Qxg6+ Kd8 26. fxe5 Bd7 27. Ne4 Rh1+ 28. Kd2
Rh2+ 29. Nf2 Be8 30. Qg3 Rh5 31. e6 Rc8 32. c3 Qb7 33. Qg2 Rc4 34. Nh3 Rch4 35. Bf2
Rxh3 36. Rxh3 Rxd5+ 37. Kc2 Rd2+  0-1

[Event "36th Reykjavik op"]
[Site "Reykjavik ISL"]
[Date "2023.04.01"]
[Round "5.36"]
[White "Braun, Vitali"]
[Black "Birkisson, Bardur Oern"]
[WhiteElo "2356"]
[BlackElo "2142"]
[Result "1/2-1/2"]
[EventDate "2023.03.29"]
[PlyCount "108"]

1. d4 d5 2. c4 c6 3. Nf3 Nf6 4. Nc3 dxc4 5. a4 Bf5 6. Ne5 Nbd7 7. Nxc4 Qc7 8. g3
e5 9. dxe5 Nxe5 10. Bf4 Nfd7 11. Bg2 g5 12. Bxe5 Nxe5 13. Qd4 f6 14. Ne3 Be6 15.
O-O f5 16. Rac1 Qd6 17. Nc2 Qxd4 18. Nxd4 Bd7 19. Rfd1 a5 20. Bh3 g4 21. Bg2 h5 22.
h4 gxh3 23. Bxh3 Ng4 24. e3 h4 25. Bxg4 fxg4 26. Ne4 Be7 27. Nc5 O-O-O 28. Nxd7 Rxd7
29. gxh4 Bxh4 30. Nf5 Bf6 31. Rxd7 Kxd7 32. b3 Ke6 33. Ng3 Rd8 34. Rc4 Rd1+ 35. Kg2
Rb1 36. Ne4 Be7 37. Nd2 Rb2 38. Re4+ Kd7 39. Nc4 Rxb3 40. Nxa5 Rb4 41. Nc4 b5 42.
axb5 cxb5 43. Nb6+ Kc6 44. Re6+ Bd6 45. Nc8 Kd7 46. Rxd6+ Kxc8 47. Kg3 Kc7 48. Re6
Kd7 49. Rf6 Rc4 50. Rb6 b4 51. Kh4 Kc7 52. Rb5 Kc6 53. Rb8 Kc7 54. Rb5 Kc6  1/2-1/2

[Event "36th Reykjavik op"]
[Site "Reykjavik ISL"]
[Date "2023.04.01"]
[Round "5.37"]
[White "Fitzsimons, David"]
[Black "Kunz, Andre"]
[WhiteElo "2338"]
[BlackElo "2140"]
[Result "1-0"]
[EventDate "2023.03.29"]
[PlyCount "83"]

1. e4 c6 2. d4 d5 3. exd5 cxd5 4. Bd3 Nc6 5. c3 Qc7 6. h3 Nf6 7. Nf3 g6 8. Qc2 Bg7
9. O-O O-O 10. Re1 Re8 11. Be3 e5 12. dxe5 Nxe5 13. Nxe5 Rxe5 14. Nd2 Bd7 15. Re2
Ree8 16. Rae1 Nh5 17. Qb3 Be6 18. Qa4 a6 19. Nb3 b5 20. Qb4 Bf8 21. Qh4 Be7 22. Bg5
Bxg5 23. Qxg5 Nf4 24. Re3 Nxd3 25. Rxd3 d4 26. Nxd4 Bxa2 27. Rde3 Rxe3 28. Rxe3 Qd8
29. Qe5 Qd5 30. Qf6 Qd8 31. Re7 Ra7 32. Rxf7 Qxf6 33. Rxf6 Bc4 34. b3 Bf7 35. b4
Rc7 36. Rxa6 Rxc3 37. Nxb5 Rb3 38. Nd6 Rxb4 39. Ra8+ Kg7 40. Ra7 Rf4 41. g3 Rf3 42.
Kg2  1-0

[Event "36th Reykjavik op"]
[Site "Reykjavik ISL"]
[Date "2023.04.01"]
[Round "5.38"]
[White "Lohia, Sohum"]
[Black "Sarkar, Justin"]
[WhiteElo "2081"]
[BlackElo "2338"]
[Result "1/2-1/2"]
[EventDate "2023.03.29"]
[PlyCount "86"]

1. e4 e5 2. Nf3 Nc6 3. Bb5 a6 4. Ba4 Nf6 5. O-O Be7 6. d3 b5 7. Bb3 O-O 8. Re1 d6
9. c3 Bb7 10. Nbd2 Nb8 11. Nf1 Nbd7 12. Ng3 Nc5 13. Bc2 Re8 14. d4 Ncd7 15. h3 g6
16. Bg5 Kg7 17. Qd2 Ng8 18. Be3 h5 19. Rad1 h4 20. Nf1 Ngf6 21. N1h2 Rh8 22. Bg5
Nh5 23. Bxe7 Qxe7 24. dxe5 Nxe5 25. Nxe5 dxe5 26. Qd7 Rae8 27. Ng4 Nf6 28. Qxe7 Rxe7
29. Nxf6 Kxf6 30. Bb3 Rb8 31. f3 Bc6 32. Bd5 Be8 33. a3 Rd7 34. Kf2 a5 35. Ke3 Rbd8
36. Bb3 Rxd1 37. Rxd1 Rxd1 38. Bxd1 c5 39. b4 axb4 40. axb4 c4 41. Be2 Kg5 42. Bd1
f5 43. Be2 f4+  1/2-1/2

[Event "36th Reykjavik op"]
[Site "Reykjavik ISL"]
[Date "2023.04.01"]
[Round "5.39"]
[White "Cramling Bellon, Anna"]
[Black "Rosen, Eric"]
[WhiteElo "2066"]
[BlackElo "2357"]
[Result "0-1"]
[EventDate "2023.03.29"]
[PlyCount "100"]

1. d4 Nf6 2. Bg5 d5 3. e3 c6 4. Bxf6 exf6 5. c4 dxc4 6. Bxc4 Bd6 7. Nc3 O-O 8. Qc2
f5 9. Nf3 Nd7 10. Bd3 g6 11. h4 h5 12. O-O-O Nf6 13. e4 fxe4 14. Nxe4 Nxe4 15. Bxe4
Qf6 16. Kb1 Re8 17. Bd3 Bg4 18. Ng5 Bxd1 19. Rxd1 Bf4 20. Nf3 Kg7 21. Rg1 Rad8 22.
a3 Bc7 23. d5 Rxd5 24. Be4 Rd6 25. g4 Qf4 26. Qc3+ Kg8 27. Bc2 hxg4 28. Ng5 Qxf2
29. Rxg4 Qe1+ 30. Qxe1 Rxe1+ 31. Ka2 Rd7 32. Bb3 Kg7 33. Rg2 Bf4 34. Nh3 Bh6 35.
Rf2 f6 36. h5 Rd3 37. Rg2 g5 38. Nf4 Rd6 39. Ng6 f5 40. Bc2 Rxg6 41. hxg6 Kxg6 42.
Rd2 g4 43. Rd6+ Kg5 44. Bxf5 Kxf5 45. Rxh6 g3 46. Rh8 g2 47. Rf8+ Kg4 48. Rg8+ Kf3
49. Rf8+ Ke2 50. Re8 Kd2  0-1